|
|
|
|
| LEADER |
00879cam a2200241 7i4500 |
| 001 |
0000045535 |
| 005 |
20230822090000.0 |
| 020 |
|
|
|a 9780415577021 (pbk.)
|
| 020 |
|
|
|a 0415577020 (pbk.)
|
| 090 |
0 |
0 |
|a GV706.4
|b .A28 2010
|
| 245 |
0 |
0 |
|a Advances in applied sport psychology :
|b a review
|c edited by Stephen D. Mellalieu and Sheldon Hanton.
|
| 260 |
|
|
|a London:
|b Routledge,
|c 2010.
|
| 300 |
|
|
|a ix, 354 p.;
|c 23 cm.
|
| 650 |
0 |
0 |
|a Sports literature
|
| 650 |
0 |
0 |
|a Sports --
|x Psychological aspects
|
| 700 |
1 |
|
|a Mellalieu, Stephen D.
|
| 700 |
1 |
|
|a Hanton, Sheldon
|
| 997 |
|
|
|a Centre for Graduate Studies
|
| 997 |
|
|
|a Business & Accountancy, Faculty
|
| 997 |
|
|
|a Education & Social Sciences, Faculty
|
| 998 |
|
|
|a Sport Management Industry, Diploma
|
| 998 |
|
|
|a Education (Co-Curriculum & Sports Management), Master
|
| 999 |
|
|
|a 0000055777
|b BOK
|c OPEN SHELF
|e 1st Floor, Shah Alam
|